| 000 | 01584cam a22003854a 4500 | ||
|---|---|---|---|
| 090 | _c0 | ||
| 001 | 12984560 | ||
| 005 | 20060721211340.0 | ||
| 008 | 021029s2005 nyu 000 1 eng | ||
| 010 | _a 2002041011 | ||
| 020 | _a0385336330 | ||
| 040 |
_aDLC _cDLC _dDLC |
||
| 042 | _apcc | ||
| 050 | 0 | 0 |
_aPS3569.T33828 _bM56 2005 |
| 082 | 0 | 0 |
_a813.54 _221 _bSTE |
| 100 | 1 | _aSteel, Danielle. | |
| 245 | 1 | 0 |
_aMiracle / _cDanielle Steel. |
| 260 |
_aLondon : _bCorgi Books, _cc.2005. |
||
| 300 |
_a256 p. ; _c18 cm. |
||
| 650 | 0 |
_aDwellings _xMaintenance and repair _vFiction. |
|
| 650 | 0 |
_aLoss (Psychology) _vFiction. |
|
| 650 | 0 |
_aNeighborhood _vFiction. |
|
| 650 | 0 |
_aFriendship _vFiction. |
|
| 650 | 0 |
_aCarpenters _vFiction. |
|
| 650 | 0 |
_aWidowers _vFiction. |
|
| 650 | 0 |
_aStorms _vFiction. |
|
| 651 | 0 |
_aSan Francisco (Calif.) _vFiction. |
|
| 655 | 7 |
_aPsychological fiction. _2lcsh |
|
| 856 | 4 | 2 |
_3Contributor biographical information _uhttp://www.loc.gov/catdir/enhancements/fy0613/2002041011-b.html |
| 856 | 4 | 2 |
_3Publisher description _uhttp://www.loc.gov/catdir/enhancements/fy0613/2002041011-d.html |
| 856 | 4 | 1 |
_3Sample text _uhttp://www.loc.gov/catdir/enhancements/fy0613/2002041011-s.html |
| 942 |
_2ddc _cBB |
||
| 999 |
_c10412 _d10412 |
||